000 00526nam a2200097Ia 4500
008 180130s9999 xx 000 0 und d
245 _cHastings, Richard P.; Hatton, Chris; Lindsay, William R.; Taylor, John L.
_aPsychological therapies for adults with intellectual disabilities: future directions for research and practice
260 _c2013
300 _aBook title: Psychological therapies for adults with intellectual disabilities--Acession number C20702; pages 267-176
650 _aPEOPLE WITH MENTAL DISABILITIES--PSYCHOLOGY
999 _c353905
_d353905